| 000 | 00644nam a22001937a 4500 | ||
|---|---|---|---|
| 003 | OSt | ||
| 005 | 20251120141531.0 | ||
| 008 | 251120b |||||||| |||| 00| 0 eng d | ||
| 020 | _a0-03-098214-6. | ||
| 040 |
_aDWCL-Main lib _cOC |
||
| 082 |
_27th ed. _aCirc. 657.3 S855s 1994 |
||
| 100 | _aClyde P. Stickney | ||
| 245 |
_aSolutions manual to accompany financial accounting : _ban introduction to concepts, methods, and uses 7th ed./ _cClyde P. Stickney |
||
| 260 |
_aN. Y. : _bDryden Press, _cc1994. |
||
| 300 |
_avarious paging : _bill. ; _c27 cm. |
||
| 650 | _aAccounting. | ||
| 700 | _aRoman L. Weil | ||
| 942 |
_2ddc _cBK-CIRC _e7th ed. _kCirc _n0 |
||
| 999 |
_c5890 _d5890 |
||